000 01300nam0a22003011 4500
001 rc\4083780
005 20130415155352.9
035 _a(NLR Aleph) 007902522
090 _a8046881
_c8046881
100 _a20130415d1952 |||y0rusy50 ca
101 0 _arus
102 _aRU
105 _ay z |||||
200 1 _aУбрать урожай картофеля, овощей и кормовых культур вовремя и без потерь
_fСост.: агр... Петров Н.П.
_gРед.: канд. биол. наук Ленкович Т.С., канд. с.-х. наук Тоулович З.К.
_gЛенингр. обл. отд. культ.-просвет. работы. Ленингр. обл. лекц. бюро
210 _aЛенинград
_cБ. и.
_d1952 [обл.: 1951]
215 _a[2], 25 с.
_d29
225 1 _aВ помощь сельскому лектору
300 _aНа обл. авт. не указан
300 _aСтеклогр.
320 _aБиблиогр.: с. 25
700 1 _aПетров
_bН. П.
_gНиколай Павлович
_4220
702 1 _aЛенкович
_bТ. С.
_4340
702 1 _aТоулович
_bЗ. К.
_4340
801 0 _aRU
_bNLR
_gpsbo
801 1 _aRU
_bELAR
_2rusmarc
852 _aNLR
_jС30 Г-8/25
942 _cBOOK
980 _aNB